000 00680nam a22001697a 4500
999 _c61920
_d61920
003 Ge_BSU
005 20240610161735.0
008 240610s1959 ge ||||| |||| 00| 0 geo d
041 _ageo
080 _a340.6 შ-21
100 _aშანიძე, ვ.
_922381
245 _aსასამართლო-სამედიცინო ექსპერტიზის ზოგიერთი საკითხი /
_c ვ. შანიძე.
264 _aთბ. :
_b საბჭ. საქართველო,
_c1959.
300 _a282 გვ. ;
_b24 სმ.
504 _aბიბლიოგრ. შენიშვნებში.
942 _2udc
_cᲬᲘᲒᲜᲘ